000 00659nam a2200205Ia 4500
003 GCL
008 140319s9999 xx 000 0 ara d
040 _aGCL /
_cGCL
082 0 4 _a813.01
_bى ا
100 1 _aيوسف ادريس
245 1 0 _aاسلام بلا ضفاف /
_cيوسف ادريس
260 _a[S.N] :
_bالهيئة المصرية العامة للكتاب ،
_c1989
300 _a295 ص
490 _a
650 0 4 _aالاسلام
650 0 4 _aالاسلام والاصلاح الاجتماعى
650 0 4 _aالاسلام والاصلاح السياسى
650 0 4 _aحركات الاصلاح والتجديد
942 _2ddc
_cBK
999 _c29937
_d29937